Plan de acción ambiental del municipio de Diriomo
Esta tesis presenta un Plan de Acción Ambiental de Municipio de Diriomo concentrado en cuatro fases: La primera fase del plan consiste en un Diagnóstico Ambiental, en donde se identifican los principales problemas y potencialidades ambientales. La segunda fase consiste en establecer los lineamien...
| Main Author: | |
|---|---|
| Other Authors: | |
| Format: | Tesis Section = Libro |
| Language: | Undetermined Spanish |
| Published: |
Managua
UNI
1998
|
| Subjects: |
| LEADER | 01455nam a2200229Ia 4500 | ||
|---|---|---|---|
| 008 | 240830s9999 xx 000 0 und d | ||
| 040 | |a BIBLIOTECA-RUSB/ T.Mon 711.37285153 R173 | ||
| 041 | |a spa | ||
| 082 | |a T.Mon 711.37285153 R173 | ||
| 100 | 1 | |a Ramírez Estrada, Liliette | |
| 245 | 1 | 0 | |a Plan de acción ambiental del municipio de Diriomo |
| 260 | |a Managua |b UNI |c 1998 | ||
| 300 | |a 85 p. :il. | ||
| 502 | |a Tesis (Arquitecto) - UNI, 1998. | ||
| 520 | 3 | |a Esta tesis presenta un Plan de Acción Ambiental de Municipio de Diriomo concentrado en cuatro fases: La primera fase del plan consiste en un Diagnóstico Ambiental, en donde se identifican los principales problemas y potencialidades ambientales. La segunda fase consiste en establecer los lineamientos básicos para la elaboración del plan de manera que éstos se identifiquen con los tipos de proyectos a ejecutar. La tercera fase consiste en la elaboración de una Agenda Municipal, donde se seleccionan las prioridades, plazos y desarrollarán en el Municipio. La cuarta fase consiste en presentar recomendaciones para la ejecución y seguimiento del plan. | |
| 650 | 7 | |a PLANES Y PLANIFICACIÓN INTERESTATAL, ESTATAL, PROVINCIAL Y DEPARTAMENTAL- MUNICIPIO DE DIRIOMO | |
| 650 | 7 | |b DESARROLLO AMBIENTAL | |
| 650 | 7 | |c CONSERVACIÓN Y PROTECCIÓN DEL MEDIO AMBIENTE | |
| 700 | 1 | |a Tutor: |b Mendoza Velásquez, Francisco Antonio | |
| 942 | |c BK |2 ddc | ||
| 991 | |a TESIS | ||
| 999 | |c 21976 | ||